Hacia la construcción de un periodismo no sexista / (Record no. 96135)

MARC details
000 -LEADER
fixed length control field 00718nam a22001937a 4500
005 - DATE AND TIME OF LATEST TRANSACTION
control field 20150622123609.0
008 - FIXED-LENGTH DATA ELEMENTS--GENERAL INFORMATION
fixed length control field 150622b mxu||||| |||| 00| 0 spa d
050 04 - LIBRARY OF CONGRESS CALL NUMBER
Classification number PN4784.W7
Item number H33 2011
100 ## - MAIN ENTRY--PERSONAL NAME
Personal name Velázquez Vargas, Hena Carolina,
Relator term com.
245 ## - TITLE STATEMENT
Title Hacia la construcción de un periodismo no sexista /
Statement of responsibility, etc Velázquez Vargas, Hena Carolina, com.
250 ## - EDITION STATEMENT
Edition statement 2a ed.
260 ## - PUBLICATION, DISTRIBUTION, ETC. (IMPRINT)
Place of publication, distribution, etc México :
Name of publisher, distributor, etc Comunicación e Información de la Mujer ; UNESCO,
Date of publication, distribution, etc 2011
300 ## - PHYSICAL DESCRIPTION
Extent 197 p. ,
Other physical details il;
Dimensions 21 cm.
504 ## - BIBLIOGRAPHY, ETC. NOTE
Bibliography, etc Incluye índice
650 #4 - SUBJECT ADDED ENTRY--TOPICAL TERM
Topical term or geographic name as entry element Periodismo
General subdivision Equidad de género
-- mujeres periodistas
700 ## - ADDED ENTRY--PERSONAL NAME
Personal name Velázquez Vargas, Hena Carolina,
Relator term comp.
700 ## - ADDED ENTRY--PERSONAL NAME
Personal name Lagunes Huerta, Lucia,
Relator term ed.
942 ## - ADDED ENTRY ELEMENTS (KOHA)
Source of classification or shelving scheme Biblioteca del Cogreso de los Estados Unidos
Koha item type Libro
Holdings
Estado de pérdida Fuente de clasificación Estado del daño No para préstamo Ubicación permanente Ubicación actual Apartado o colección Fecha de adquisición Fuente de adquisición Edición Dependencia de educación superior (DES) Área del conocimiento Clasificación Código de Barras Date last seen Número de copia Tipo de recurso
  Biblioteca del Cogreso de los Estados Unidos     Biblioteca de la Facultad de Filosofía Biblioteca de la Facultad de Filosofía General 22/06/2015 Unidad Académica Genérico 2a ed. Humanidades Educación y Humanidades PN4784.W7 H33 2011 BFF000011538 22/06/2015 C:1 Libro